| 000 | 01480nam a2200265 4500 | ||
|---|---|---|---|
| 001 | 113808 | ||
| 003 | DR-UNIBE | ||
| 005 | 20250701083544.0 | ||
| 008 | 250630b2016 dr ||||| |||| 00| 0 spa d | ||
| 040 |
_aBIBLIOTECA UNIBE _bspa _cBIBLIOTECA UNIBE _erda |
||
| 041 | _aspa | ||
| 082 |
_222 _aRD 371.202 C355p |
||
| 100 | 1 | 0 |
_aCastro Cabrera, Nilka _911458 _econsultor |
| 245 | 1 | 0 |
_aProtocolo para la promoción de la cultura de paz y buen trato en los centros educativos : _bdocumento para validación año escolar 2016-1017 / _cNilka Castro |
| 250 | _aPrimera edición | ||
| 260 |
_aSanto Domingo ; _bRepública Dominicana. Ministerio de Educación (MINERD). Viceministerio de Servicios Técnicos y Pedagógicos, _c2016 |
||
| 300 |
_a108 páginas : _btablas, gráficas ; _c21 x 21 cm |
||
| 505 | _aPresentación | Introducción | 1. Marco normativo | 2. Objetivos | 3. Ámbito de aplicación | 4. Enfoques curriculares en los que se basa el protocolo | 5. Principios que orientan el protocolo | 7. Fases de implementación del protocol | 8. Bibliografía | ||
| 650 | 7 |
_2lemb _aCentros educativos _zRepública Dominicana _9196823 |
|
| 650 | 7 |
_2lemb _aConvivencia _zRepública Dominicna _9196824 |
|
| 650 | 7 |
_2lemb _aCultura de paz _zRepública Dominicana _9196825 |
|
| 700 | 1 | 0 |
_aPérez Jiménez, Minerva R. _915376 _ecoordinador general |
| 710 | 1 | 0 |
_aMinisterio de Educación (MINERD). Dirección de Orientación y Psicología _9196819 _erevisión _eaportes |
| 942 |
_2ddc _cBK |
||
| 999 |
_c113808 _d113808 |
||